000 00312nam a22001337a 4500
008 170717b xxu||||| |||| 00| 0 eng d
020 _a9780415254069
041 _aeng
080 _a2
100 _a24
101 _aTEO
245 _aTHE PROTESTANT ETHIC AND THE SPIRIT OF CAPITALISM
_cWEBER
942 _2udc
_cBK
999 _c21394
_d21394